Roitt. Inmunología : (Registro nro. 22767)

Detalles MARC
000 -LEADER
fixed length control field 01368nam a2200397 a 4500
003 - CONTROL NUMBER IDENTIFIER
control field CO-CtgCURN
005 - DATE AND TIME OF LATEST TRANSACTION
control field 20260408161836.0
007 - PHYSICAL DESCRIPTION FIXED FIELD--GENERAL INFORMATION
fixed length control field ta
008 - FIXED-LENGTH DATA ELEMENTS--GENERAL INFORMATION
fixed length control field 160216s2014 000 0 eng d
015 ## - NATIONAL BIBLIOGRAPHY NUMBER
National bibliography number ck-2015-xxxx
020 ## - INTERNATIONAL STANDARD BOOK NUMBER
International Standard Book Number 9786077743934
040 ## - CATALOGING SOURCE
Original cataloging agency CO-CtgCURN
Language of cataloging spa
Transcribing agency coctgcurn
082 04 - DEWEY DECIMAL CLASSIFICATION NUMBER
Classification number 616.079
Item number R741
Edition information 23
245 00 - TITLE STATEMENT
Title Roitt. Inmunología :
Remainder of title Fundamentos /
Statement of responsibility, etc. Peter J. Delves ... [et al.] ; traductor, Silvia Rondinone.
250 ## - EDITION STATEMENT
Edition statement 12a. ed.
260 ## - PUBLICATION, DISTRIBUTION, ETC.
Place of publication, distribution, etc. México :
Name of publisher, distributor, etc. Médica Panamericana,
Date of publication, distribution, etc. 2014.
300 ## - PHYSICAL DESCRIPTION
Extent xiii, 542 p. :
Other physical details il., fot., grafico col.
336 ## - CONTENT TYPE
Source rdacontent
337 ## - MEDIA TYPE
Source rdamedia
Media type term sin mediacion
Media type code n
338 ## - CARRIER TYPE
Source rdacarrier
Carrier type term volumen
Carrier type code nc
504 ## - BIBLIOGRAPHY, ETC. NOTE
Bibliography, etc. note Incluye referencias bibliograficas al final de cada capitulo.
505 8# - FORMATTED CONTENTS NOTE
Formatted contents note Bases de inmunología -- Inmunología aplicada
590 ## - LOCAL NOTE (RLIN)
Local note Inmunología (Bacteriología)
650 14 - SUBJECT ADDED ENTRY--TOPICAL TERM
Topical term or geographic name entry element Inmunología.
650 14 - SUBJECT ADDED ENTRY--TOPICAL TERM
Topical term or geographic name entry element Inmunidad.
650 14 - SUBJECT ADDED ENTRY--TOPICAL TERM
Topical term or geographic name entry element Sistema inmunológico.
650 14 - SUBJECT ADDED ENTRY--TOPICAL TERM
Topical term or geographic name entry element Alergia e inmunología.
650 14 - SUBJECT ADDED ENTRY--TOPICAL TERM
Topical term or geographic name entry element Enfermedades del sistema inmunológico.
700 1# - ADDED ENTRY--PERSONAL NAME
Personal name Delves, Peter J.
700 1# - ADDED ENTRY--PERSONAL NAME
Personal name Martin, Seamus J.
700 1# - ADDED ENTRY--PERSONAL NAME
Personal name Burton, Dennis R.
700 1# - ADDED ENTRY--PERSONAL NAME
Personal name Roitt, Ivan M. V., traductor.
700 1# - ADDED ENTRY--PERSONAL NAME
Personal name Rondinone, Silvia,
Relator term Traductor.
Relationship comp
942 ## - ADDED ENTRY ELEMENTS (KOHA)
Koha item type Libros
Classification part 616.079
Item part R741
Source of classification or shelving scheme Dewey Decimal Classification
Existencias
Withdrawn status Lost status Source of classification or shelving scheme Damaged status Not for loan Collection Home library Current library Shelving location Date acquired Inventory number Total checkouts Full call number Barcode Date last seen Price effective from Koha item type Public note
    Dewey Decimal Classification     General Miguel Henríquez Emiliani Miguel Henríquez Emiliani General 03/31/2025 017801   616.079 R741 017801 03/31/2025 03/31/2025 Libros 610-CIENME